| 000 | 00513nam a22001817a 4500 | ||
|---|---|---|---|
| 005 | 20231030104607.0 | ||
| 008 | 231030b |||||||| |||| 00| 0 eng d | ||
| 020 | _a0409052523 | ||
| 041 | _aAfrikaans | ||
| 082 | _a347.6 SCH | ||
| 100 |
_aSchmidt, CWH _lEnglish |
||
| 245 |
_aBewysreg / _cCWH Schmidt |
||
| 250 | _aTweede Uitgawe | ||
| 260 |
_aDurban : _bButterworth, _c1982 |
||
| 300 |
_blxxx, 647 pages ; _c25,5 cm. _e3 Uitgawes |
||
| 650 |
_alegal practice _bLaw |
||
| 942 |
_cBK _6ALISON_BN_VRIES |
||
| 999 |
_c137 _d137 |
||